Revista do Instituto de Medicina Tropical de São Paulo (Registro nro. 1275)

Detalles MARC
000 -LEADER
fixed length control field 01136nas a22001937a 4500
008 - CAMPO DE CONTROL RECURSOS CONTINUADOS
fixed length control field 130315t20009999bl ||||| |||| 00| 0 eng d
022 ## - INTERNATIONAL STANDARD SERIAL NUMBER
International Standard Serial Number 0036-4665
245 ## - TITULO
Titulo Revista do Instituto de Medicina Tropical de São Paulo
260 ## - PUBLICACION, DISTRIBUCION, ETC. (PIE DE IMPRENTA)
Lugar de publicación, distribución, etc São Paulo,
Nombre de la editorial, distribuidor, etc. Universidade de São Paulo, Faculdade de Medicina, Instituto de Medicina Tropical de São Paulo:
Fecha de publicación 2000
300 ## - DESCRIPCION FISICA
Extensión v. :
310 ## - FRECUENCIA ACTUAL DE LA PUBLICACION
Frecuencia actual de la publicación bimestral
546 ## - NOTA DE IDIOMA
Nota de lenguaje inglés
590 ## - NOTAS LOCALES (RLIN)
Nota local Biological Abstracts, Current Contents: Life Sciences, Directory of Open Access Journals (DOAJ), Index Medicus, I N I S Atomindex (International Nuclear Information System), Latindex, LILACS, Periódica (Indice de Revistas Latinoamericanas en Ciencias), Protozoological Abstracts, Review of Medical and Veterinary Mycology, SciELO, Science Citation Index Expanded, Scopus, Tropical Diseases Bulletin, Zoological Record
590 ## - NOTAS LOCALES (RLIN)
Nota local Existencias: 2000 42(1,2,6); 2002 44(supl XII)<br/>BAJA DEPOSITO (CAJA 20) MAYO 2019
650 ## - MATERIA-TERMINO TEMATICO
Término temático MICROBIOLOGIA
9 (RLIN) 1991
650 ## - MATERIA-TERMINO TEMATICO
Término temático MEDICINA INTERNA
9 (RLIN) 1738
856 ## - LOCALIZACION ELECTRONICA Y ACCESO
Identificador Uniforme de Recurso (URI) <a href="http://www.scielo.br/scielo.php?script=sci_serial&pid=0036-4665&lng=en&nrm=iso">http://www.scielo.br/scielo.php?script=sci_serial&pid=0036-4665&lng=en&nrm=iso</a>
942 ## - ADDED ENTRY ELEMENTS (KOHA)
Source of classification or shelving scheme Dewey Decimal Classification
Item type Continuing Resources

No hay ítems disponibles.


UNIVERSIDAD NACIONAL DEL COMAHUE
Biblioteca de la Facultad de Ciencias Médicas
Sede Toschi: Los Arrayanes y Av. Toschi, Cipolletti  - Rio Negro
Sede Los Tordos:  Yrigoyen al 2211, Cipolletti - Rio Negro 

Teléfono: 0299 - 4774707 int 25
Contacto: biblioteca@facimed.uncoma.edu.ar
© 2011 - 2026